000 00623nam a2200229Ia 4500
003 OSt
005 20220928101743.0
006 a|||||r|||| 00| 0
007 ta
008 220927b |||||||| |||| 00| 0 eng d
024 _a47796
037 _cTextual
040 _aSDCL
_cSDCL
_beng
041 _2eng
_aeng
082 _aO15,1N36,3, M7
100 _aDiksht Harinarayan
_9394792
245 0 _aSrihanumaddutam
_b Sandesh kavyam.
260 _aDelhi
_bEstern Book Linkers
_c1987
300 _a122p.
_ccm.
942 _hO15,1N36,3, M7
_cTEXL
_2CC
999 _c710394
_d710394